| 000 | 00467nam a2200181Ia 4500 | ||
|---|---|---|---|
| 001 | 10591 | ||
| 005 | 20260306161843.0 | ||
| 008 | 260306t1973||||xx |||||||||||||| ||spa|| | ||
| 041 | _aESP | ||
| 082 |
_a943 _bB81 T. 1 |
||
| 100 |
_aBracher, Karl Dietrich _eAUT |
||
| 245 | 0 |
_aLa dictadura alemana, I: _bgénesis, estructura y consecuencia del nacionalismo |
|
| 260 | _c1973 | ||
| 300 |
_a _c20 cm. |
||
| 650 | _aGEN | ||
| 654 | _aCHU | ||
| 942 |
_cLIB _dJUS _fJUS _2ddc _n |
||
| 999 |
_c10591 _d10591 |
||